ბათუმის შოთა რუსთაველის სახელმწიფო უნივერსიტეტის ბიბლიოთეკა

თაგვმა კატა დაიჭირა (ბიბ.ჩანაწერი № 48906)

000 -LEADER
fixed length control field 01077nam a2200229Ia 4500
001 - CONTROL NUMBER
control field 15809
003 - CONTROL NUMBER IDENTIFIER
control field GE_BSU
008 - FIXED-LENGTH DATA ELEMENTS--GENERAL INFORMATION
fixed length control field 181216s||||||||xx |||||||||||||| ||und||
040 ## - CATALOGING SOURCE
Transcribing agency GE_BSU
080 ## - UNIVERSAL DECIMAL CLASSIFICATION NUMBER
Universal Decimal Classification number 82-93
100 ## - MAIN ENTRY--PERSONAL NAME
Personal name ჭიჭინაძე, გივი
245 ## - TITLE STATEMENT
Title თაგვმა კატა დაიჭირა
245 ## - TITLE STATEMENT
Remainder of title ლექსები, იგავები, ზღაპრები, პიესები, გამოცანები სკოლამდელი და უმცროსი სასკოლო ასაკის ბავშვთათვის
245 ## - TITLE STATEMENT
Statement of responsibility, etc. რედ.რ.ინანიშვილი. მხ.ვ.მელიქიშვილი
260 ## - PUBLICATION, DISTRIBUTION, ETC.
Place of publication, distribution, etc. თბილისი
260 ## - PUBLICATION, DISTRIBUTION, ETC.
Name of publisher, distributor, etc. ნაკადული
260 ## - PUBLICATION, DISTRIBUTION, ETC.
Date of publication, distribution, etc. 1967
300 ## - PHYSICAL DESCRIPTION
Extent 91გვ. : ილ. ; 16სმ
653 ## - INDEX TERM--UNCONTROLLED
Uncontrolled term თაგვმა კატა დაიჭირა
653 ## - INDEX TERM--UNCONTROLLED
Uncontrolled term ლექსები, იგავები, ზღაპრები, პიესები, გამოცანები
942 ## - ADDED ENTRY ELEMENTS (KOHA)
Koha item type წიგნი
ეგზემპლარები
Withdrawn status Lost status Damaged status Not for loan Date acquired Barcode Date last seen Price effective from Koha item type
        2018-12-17 39307 2018-12-17 2018-12-17 წიგნი